000 00778cam a22002532 4500
999 _c18338
_d18338
001 0000019557
003 OSt
005 20200723103455.0
008 110110s xx 000 0 eng d
020 _a1292002972
040 _aKABU
_cKABU
050 0 _aHD82
_b.T63 2015
100 1 _aTodaro, Michael P.
245 1 0 _aEconomic development /
_cMichael P. Todaro Stephen P. Smith.
250 _a12th ed.
260 _aHarlow, England :
_bPearson education Limited
_cc2015
300 _axxvii, 860 p.
650 0 _aEconomic development.
651 0 _aDeveloping countries
_xEconomic policy.
700 1 _aSmith, Stephen C.
908 _a110110
942 _2lcc
_cBK
_hHD82
_i.T63 2015